BILANCIA FLUÓRU U DETÍ PRI JEHO ZVÝŠENOM PRÍJME

Bibliographic Details
Main Authors: Rippel, A. (Author), Hlucháň, E. (Author), Balážová, G. (Author), Macúch, Pavol, 1917-1988 (Author)
Format: Article
Language:Slovak

MARC

LEADER 00000nab a2200000ua 4500
001 vtls010802782
003 SK-MaSNL
005 20260304183005.0
008 230214s1967 xo |||||||||||||||||slo|
035 |a (urnnbn)urn:nbn:sk:snk:ar-a03c10 
035 |a (uuid)13fe9ee8-0334-48f7-9327-5c36db7fc946 
035 |a urn:nbn:sk:snk-ab570j 
040 |a SNKBUCL  |b slo  |c SNKBUCL  |e AACR2 
041 0 |a slo 
044 |a xo  |c SK 
100 1 |a Rippel, A.  |4 aut  |9 1119828 
245 1 0 |a BILANCIA FLUÓRU U DETÍ PRI JEHO ZVÝŠENOM PRÍJME  |c A. Rippel, E. Hlucháň, G. Balážová, P. Macúch 
700 1 |a Hlucháň, E.  |4 aut  |9 472490 
700 1 |a Balážová, G.  |4 aut  |9 1119829 
700 1 |a Macúch, Pavol,  |d 1917-1988  |4 aut  |9 80109 
773 0 |t Bratislavské lekárske listy  |g Roč. 48, č. 2 (1967), s. 73-79 
954 |a odborná, vedecká literatúra pôvodná (slovenská)  |2 lita 
958 |a OND 
958 |a EUIPO 
958 |a article3 
999 |c 3032467  |d 3034397